| 000 | 00683nam a2200241Ia 4500 | ||
|---|---|---|---|
| 008 | 180523s9999 xx 000 0 und d | ||
| 020 | _a1-4018-3845-6 | ||
| 050 | _aMAIN RC 440 | ||
| 050 | _b.R53 2007 | ||
| 100 | _aRichardson, Betty Kehl. | ||
| 245 | 0 | _aClinical decision making : | |
| 245 | 0 | _bcase studies in phsychiatric nurising / | |
| 245 | 0 | _cBetty Kehl Richardson. | |
| 260 | _aSingapore : | ||
| 260 | _bThomson Learning, | ||
| 260 | _c2007 | ||
| 300 | _a176 pages : | ||
| 300 | _bcolored illustrations ; | ||
| 300 | _c28 cm. | ||
| 500 | _aIncludes index. | ||
| 650 | _aPsychiatric nursing -- Case studies. | ||
| 650 | _xNursing assessment -- case studies. | ||
| 999 |
_c357637 _d357637 |
||